000
00328nam a2200133Ia 4500
005
20251222144750.0
008
251222s9999||||xx |||||||||||||| ||spa||
020
_a
84-265-0320-9
082
_a
249.1/O74
100
_a
Ortiz López, Jesús
245
0
_a
Palabras de Vida Eterna:
264
_b
Magisterio Español
942
_c
LIB
999
_c
19324
_d
19324